2025 F3 grid - Statistics

General Stats
  • This quiz has been taken 32 times
    5 since last reset
  • The average score is 32 of 40
Answer Stats
Team Nationality Rounds Answer % Correct
AIX Racing USA 3-10 Brad Benavides
100%
Prema Racing Italy All Brando Badoer
100%
MP Motorsport Spain All Bruno del Pino
100%
Trident Austria All Charlie Wurz
100%
Hitech TGR UK 8 Freddie Slater
100%
AIX Racing UK 2 Freddie Slater
100%
Hitech TGR Austria 1-4 Joshua Dufek
100%
ART Grand Prix Netherlands All Laurens van Hoepen
100%
Campos Racing Spain All Mari Boya
100%
Hitech TGR Norway All Martinius Stenshorne
100%
DAMS Lucas Oil Peru All Matías Zagazeta
100%
AIX Racing Italy 1 Nikita Bedrin
100%
Campos Racing Bulgaria All Nikola Tsolov
100%
Trident Denmark All Noah Strømsted
100%
Prema Racing Mexico All Noel León
100%
Trident Brazil All Rafael Câmara
100%
Rodin Motorsport Poland All Roman Bilinski
100%
Van Amersfoort Racing Mexico 1-9 Santiago Ramos
100%
Campos Racing Thailand All Tasanapol Inthraphuvasak
100%
Van Amersfoort Racing France All Théophile Naël
100%
MP Motorsport Germany All Tim Tramnitz
100%
ART Grand Prix Finland All Tuukka Taponen
100%
Prema Racing USA All Ugo Ugochukwu
100%
MP Motorsport France All Alessandro Giusti
67%
DAMS Lucas Oil Singapore All Christian Ho
67%
AIX Racing Brazil 10 Fernando Barrichello
67%
Hitech TGR China All Gerrard Xie
67%
Van Amersfoort Racing Portugal All Ivan Domingues
67%
ART Grand Prix Australia All James Wharton
67%
AIX Racing Spain 1-2 Javier Sagrera
67%
Hitech TGR Mexico 5-6 Jesse Carrasquedo Jr.
67%
Rodin Motorsport New Zealand All Louis Sharp
67%
DAMS Lucas Oil Italy 1-5,7-10 Nicola Lacorte
67%
AIX Racing Italy All Nicola Marinangeli
67%
Hitech TGR USA 7, 9,10 Nikita Johnson
67%
DAMS Lucas Oil USA 6 Nikita Johnson
67%
Rodin Motorsport UK All Callum Voisin
33%
AIX Racing Mexico 5 José Garfias
33%
Van Amersfoort Racing UK 10 James Hedley
0%
AIX Racing UK 3-4, 6-9 James Hedley
0%
No matching quizzes found
Score Distribution
Percent of People with Each Score
Percentile by Number Answered
Your Score History
You have not taken this quiz since the last reset